000 00291 a2200121 4500
005 20250623173600.0
082 _a658.8 SAL
100 _aSALEEMI, N. A.
245 _aMarketing Simplified.
260 _aNairobi,
_bSaleemi LTD,
_c2007.
300 _a487p.: ill.; figure
_c21cm
942 _2ddc
_cBKS
999 _c2706
_d2706